| 000 | 00461nam a2200181Ia 4500 | ||
|---|---|---|---|
| 001 | 7439 | ||
| 005 | 20260306160455.0 | ||
| 008 | 260306t2013||||xx |||||||||||||| ||spa|| | ||
| 041 | _aESP | ||
| 082 |
_a338.985 _bT48 |
||
| 100 |
_aThorp, Rosemary _eAUT |
||
| 245 | 0 |
_aPerú 1890 - 1977: _bcrecimiento y políticas en una economía abierta |
|
| 260 | _c2013 | ||
| 300 |
_a479 páginas : _c22 cm. |
||
| 650 | _aGEN | ||
| 654 | _aCAN | ||
| 942 |
_cLIB _dJUS _fJUS _2ddc _n |
||
| 999 |
_c7439 _d7439 |
||